000 00603nam a2200253Ia 4500
005 20260121161118.0
008 008 260114s9999 xx 000 0 eng d
020 _a9781003065326
037 _aEBOOK
040 _aCRL
040 _beng
040 _cCRL
041 _2eng
041 _aeng
084 _qCRL
100 _a Robert L. Augustine
_91040353
245 0 _aCatalysis of Organic Reactions
260 _bTaylor and Francis
260 _c1985
856 _uhttp://www.taylorfrancis.com/books/9781003065326
942 _cEBOOK
999 _c1607169
_d1607169